[Event "Women's Speed Chess Q1"]
[Site "chess.com INT"]
[Date "2021.05.28"]
[Round "9"]
[White "Tarasova, Viktoriya"]
[Black "Sedina, Elena"]
[Result "1-0"]
[WhiteTitle "WIM"]
[BlackTitle "IM"]
[WhiteElo "2226"]
[BlackElo "2291"]
[WhiteFideId "4175840"]
[BlackFideId "812153"]
[EventDate "2021.05.28"]

1. d4 d5 2. c4 c6 3. Nf3 Nf6 4. Nc3 dxc4 5. a4 Bf5 6. Ne5 Nbd7 7. Nxc4 Qc7 8. g3
e5 9. dxe5 Nxe5 10. Bf4 Nfd7 11. Bg2 f6 12. O-O Rd8 13. Ne3 Be6 14. Rc1 Nc5 15.
Ncd5 Qf7 16. b4 Na6 17. b5 Nb4 18. Bxe5 Nxd5 19. bxc6 bxc6 20. Bd4 Nxe3 21.
Bxc6+ Bd7 22. fxe3 Ba3 23. Rc3 Bxc6 24. Rxc6 O-O 25. Qd3 Qd5 26. Qc4 Qxc4 27.
Rxc4 Rd7 28. Ra1 Be7 29. Rac1 Rfd8 30. Kg2 Kf7 31. Kf3 Ke6 32. Rc6+ Kf7 33. Rc7
Bd6 34. Rxd7+ Rxd7 35. Rc6 Bb8 36. Ke4 Ke7 37. Kd3 Kd8 38. Rc4 Rb7 39. Rc5 Kd7
40. Rd5+ Kc6 41. Rh5 h6 42. Rc5+ Kd7 43. Ra5 Kc6 44. Ke4 Re7+ 45. Kd3 1-0

[Event "Women's Speed Chess Q1"]
[Site "chess.com INT"]
[Date "2021.05.28"]
[Round "9"]
[White "Makhija, Aashna"]
[Black "Petrova, Irina"]
[Result "1/2-1/2"]
[WhiteTitle "WIM"]
[BlackTitle "WIM"]
[WhiteElo "1969"]
[BlackElo "2110"]
[WhiteFideId "25011944"]
[BlackFideId "14124122"]
[EventDate "2021.05.28"]

1. e4 d6 2. d4 Nf6 3. Nc3 e5 4. Nf3 Nbd7 5. Bc4 Be7 6. O-O O-O 7. a4 c6 8. h3 h6
9. Qe2 Re8 10. dxe5 Nxe5 11. Nxe5 dxe5 12. Be3 Bb4 13. Na2 Bf8 14. Rfd1 Qc7 15.
Nc3 Be6 16. Bxe6 Rxe6 17. Rd3 Qa5 18. Bd2 Qb6 19. Nd1 Rd8 20. a5 Qc7 21. Bc3 Bc5
22. Rxd8+ Qxd8 23. Qc4 Bf8 24. Ne3 Nh5 25. Rd1 Qg5 26. Qe2 Rg6 27. Qf3 Nf4 28.
Ng4 h5 29. Nxe5 Qxg2+ 30. Qxg2 Rxg2+ 31. Kh1 Rxf2 32. Rd8 Ne6 33. Rb8 b6 34. Nd7
f5 35. e5 f4 36. axb6 axb6 37. Nxb6 f3 38. Bb4 Rxc2 39. Bxf8 Nxf8 40. Nd7 Kf7
41. Rxf8+ Ke7 42. Rxf3 Kxd7 43. Rg3 Rxb2 44. Rxg7+ Ke6 45. Rg6+ Kxe5 46. Rxc6
Kf4 47. Rc4+ Kg3 48. Rc3+ Kh4 49. Rd3 Ra2 50. Rc3 Rd2 51. Rb3 Kg5 52. Rb5+ Kh4
53. Rb3 Rd5 54. Rc3 Kg5 55. Kh2 h4 56. Kg2 Rd2+ 57. Kf3 Rh2 58. Ke4 Re2+ 59. Kf3
Rh2 60. Ke4 Re2+ 61. Kf3 Rh2 1/2-1/2

[Event "Women's Speed Chess Q1"]
[Site "chess.com INT"]
[Date "2021.05.28"]
[Round "9"]
[White "Bodnaruk, Anastasia"]
[Black "Pourkashiyan, Atousa"]
[Result "0-1"]
[WhiteTitle "IM"]
[BlackTitle "WGM"]
[WhiteElo "2457"]
[BlackElo "2322"]
[WhiteFideId "4181751"]
[BlackFideId "12502014"]
[EventDate "2021.05.28"]

1. e4 c5 2. Nc3 e6 3. Nge2 a6 4. g3 b5 5. Bg2 b4 6. Na4 Bb7 7. d4 cxd4 8. Nxd4
Nc6 9. O-O Qc7 10. c4 bxc3 11. Nxc3 Nf6 12. Nb3 Be7 13. Bf4 d6 14. Qe2 Ne5 15.
Rac1 Qd8 16. Bxe5 dxe5 17. Rfd1 Qb8 18. Na4 O-O 19. h3 Rd8 20. Nac5 Rxd1+ 21.
Rxd1 Bc8 22. g4 h6 23. Qc4 a5 24. a4 Qc7 25. Rc1 Rb8 26. Qd3 Qb6 27. Rc3 Qb4 28.
Qc2 Bxc5 29. Rxc5 Bd7 30. Nxa5 Bxa4 31. b3 Bd7 32. Rxe5 Rc8 33. Nc4 Bb5 34. Qd2
Qxb3 35. Nd6 Rd8 36. Rc5 Ba6 37. e5 Nd5 38. Bxd5 exd5 39. Qe3 Qd1+ 40. Kh2 d4
41. Qf4 Rf8 42. Rc1 Qd3 43. Re1 Qc3 44. Re4 d3 45. Rd4 Qc2 46. Nxf7 Qb3 47. Rd7
Rxf7 48. Rd8+ Kh7 49. Qe4+ g6 50. Qa8 Rxf2+ 51. Kg3 Qf7 52. e6 Qf4+ 53. Kh4 Qf6+
54. Kg3 Qf3+ 55. Kh4 g5+ 56. Kh5 Qxh3# 0-1

[Event "Women's Speed Chess Q1"]
[Site "chess.com INT"]
[Date "2021.05.28"]
[Round "9"]
[White "Nguyen, Thi Thanh An"]
[Black "Sliwicka, Alicja"]
[Result "0-1"]
[WhiteTitle "WGM"]
[BlackTitle "WIM"]
[WhiteElo "2259"]
[BlackElo "2346"]
[WhiteFideId "12400300"]
[BlackFideId "1150677"]
[EventDate "2021.05.28"]

1. d4 Nf6 2. Bf4 d5 3. e3 c5 4. c3 Nc6 5. Nd2 Qb6 6. Qc2 g6 7. dxc5 Qxc5 8. Ngf3
Bg7 9. Be2 O-O 10. O-O Bf5 11. Qb3 Na5 12. Qa4 Bd7 13. Qd1 Nc4 14. b4 Qc8 15.
Nxc4 dxc4 16. Be5 Be6 17. Qc1 Ne4 18. Bxg7 Kxg7 19. Nd4 Bd5 20. f3 Nd6 21. e4
Be6 22. Qg5 Qd7 23. Rad1 f6 24. Qe3 Bf7 25. Rd2 e5 26. Nc2 Qc7 27. Rfd1 Rfd8 28.
Qc5 Qe7 29. Rxd6 Rac8 30. Rxd8 Rxc5 31. bxc5 Qxc5+ 32. Kf1 Be6 33. Nb4 Qe3 34.
Rb8 b6 35. Nd5 Qc5 36. Rb7+ Kh6 37. Nxf6 Kg5 38. Nxh7+ Kh6 39. Nf6 Kg5 40. Nd5
Kh6 41. Rxa7 b5 42. Rc7 Qa3 43. h4 Qf8 44. a3 g5 45. hxg5+ Kxg5 46. Kf2 Qh8 47.
Kg1 Kh4 48. Re7 Kg3 49. Rg7+ Qxg7 50. Ne3 Kf4 51. Nf1 Bh3 52. g3+ Kg5 53. Kh2
Be6 54. Kg1 Qa7+ 55. Kg2 Qh7 56. Kg1 Qh3 0-1

[Event "Women's Speed Chess Q1"]
[Site "chess.com INT"]
[Date "2021.05.28"]
[Round "9"]
[White "Eswaran, Ashritha"]
[Black "Tokhirjonova, Gulrukhbegim"]
[Result "1/2-1/2"]
[WhiteTitle "WIM"]
[BlackTitle "WGM"]
[WhiteElo "2244"]
[BlackElo "2350"]
[WhiteFideId "2080788"]
[BlackFideId "14203626"]
[EventDate "2021.05.28"]

1. e4 e5 2. Nf3 Nc6 3. d4 exd4 4. Nxd4 Nf6 5. Nc3 Nxe4 6. Nxe4 Qe7 7. Qd3 d5 8.
Nxc6 bxc6 9. f3 dxe4 10. Qxe4 Qxe4+ 11. fxe4 Bd6 12. Bd3 O-O 13. O-O Re8 14. Bd2
Be6 15. Bc3 Rab8 16. e5 Bf8 17. Bd4 c5 18. Bc3 c4 19. Be4 Bb4 20. Bd4 c5 21. Bf2
c3 22. b3 Ba3 23. Rad1 Red8 24. Rd6 c4 25. Ra6 cxb3 26. axb3 Bf8 27. Rxa7 g6 28.
Rc7 Rb4 29. Bd3 Bxb3 30. Rxc3 Be6 31. Bc5 Bxc5+ 32. Rxc5 Rg4 33. h3 Rg3 34. Kh2
Re3 35. Kg1 Kg7 36. Kf2 Rexd3 37. cxd3 Rxd3 38. Re1 h5 39. Re3 Rd2+ 40. Re2 Rd3
41. Rec2 h4 42. R5c3 Rd5 43. Re3 g5 44. Ke2 Kg6 45. Rd2 Ra5 46. Kf2 Kf5 47. Kg1
Kg6 48. Rf2 Kh5 49. Kh2 Kg6 50. Rf6+ Kg7 51. Rf2 Kg6 52. Rf6+ Kg7 53. Rf2 Ra4
54. Rd2 Ra1 55. Rde2 Rf1 56. Rf3 Ra1 57. Rff2 Ra4 58. Re3 Ra5 59. Rd2 Ra1 60.
Rf2 Kg6 61. Ree2 Ra4 62. Re3 Ra1 63. Ref3 Re1 64. Rf6+ Kg7 65. R6f3 Rxe5 66. Rc3
Re1 67. Rcc2 Kg6 68. Rfe2 Rf1 69. Rc6 Kf6 70. Rb6 Rf5 71. Ra6 Re5 72. Rxe5 Kxe5
73. Ra5+ Kf6 74. Kg1 Kg6 75. Kf2 f5 76. Ra6 Kf6 77. Rb6 Ke5 78. Ke3 Bd5 79. Kf2
Be4 80. Rb4 Kf4 81. Ra4 g4 82. hxg4 Kxg4 83. Kg1 Kg3 84. Ra3+ Kg4 85. Ra4 Kf4
86. Kf2 Kg4 87. Ra3 Kf4 88. g3+ hxg3+ 89. Rxg3 Ke5 90. Re3 Kf4 91. Rb3 Ke5 92.
Ra3 Kf4 93. Ra4 Kg4 94. Ke3 Kg5 95. Ra5 Kg4 96. Ra7 Kg5 97. Rg7+ Kf6 98. Rg1 Ke5
99. Rf1 Kd5 100. Kf4 Kd4 101. Rd1+ Kc3 102. Re1 Kd2 103. Rxe4 fxe4 104. Kxe4 1/2-1/2

[Event "Women's Speed Chess Q1"]
[Site "chess.com INT"]
[Date "2021.05.28"]
[Round "9"]
[White "Bulmaga, Irina"]
[Black "Nurmanova, Alua"]
[Result "0-1"]
[WhiteTitle "IM"]
[BlackTitle "WFM"]
[WhiteElo "2440"]
[BlackElo "2008"]
[WhiteFideId "13903063"]
[BlackFideId "13729390"]
[EventDate "2021.05.28"]

1. e4 c5 2. Nf3 d6 3. d4 cxd4 4. Nxd4 Nf6 5. Nc3 a6 6. h3 e6 7. g4 Nfd7 8. f4
Qh4+ 9. Ke2 b5 10. a3 Bb7 11. Be3 Qd8 12. Bg2 Nb6 13. Qd3 N8d7 14. Nb3 Nc4 15.
Rab1 Qc7 16. Bf2 Rc8 17. a4 b4 18. Nd1 Be7 19. Rc1 g5 20. Bd4 e5 21. fxe5 Ndxe5
22. Qg3 a5 23. Ke1 d5 24. exd5 Bd6 25. Qf2 O-O 26. Ne3 Nd3+ 27. cxd3 Bg3 28.
Rxc4 Bxf2+ 29. Kxf2 Qf4+ 30. Bf3 Rfe8 31. Bb6 Qf6 32. Bd4 Qf4 33. Rhc1 Qh2+ 34.
Ng2 Ba6 35. Rxc8 Rxc8 36. Rxc8+ Bxc8 37. Nxa5 Qxh3 38. d6 Bxg4 39. Bxg4 Qxg4 40.
Nb3 Qf5+ 41. Kg1 Qd5 42. Ne3 Qxd6 43. Nf5 Qf4 44. Ne7+ Kf8 45. Bc5 Kg7 46. Bd4+
f6 47. Bc5 Qg3+ 48. Kh1 Qxd3 49. Nd4 Qd1+ 50. Kh2 Qxa4 51. Ndf5+ Kf7 52. Bf2 Qc2
53. Kh3 h5 54. Bd4 g4+ 55. Kg3 Qd3+ 56. Kg2 Qf3+ 57. Kg1 Qd1+ 58. Kg2 Qd2+ 59.
Kg1 h4 60. Nd6+ Kxe7 61. Nf5+ Ke6 0-1

[Event "Women's Speed Chess Q1"]
[Site "chess.com INT"]
[Date "2021.05.28"]
[Round "9"]
[White "Michelle Catherina, P"]
[Black "Zaksaite, Salomeja"]
[Result "0-1"]
[WhiteTitle "WIM"]
[BlackTitle "WIM"]
[WhiteElo "2176"]
[BlackElo "2202"]
[WhiteFideId "5005736"]
[BlackFideId "12801496"]
[EventDate "2021.05.28"]

1. d4 Nf6 2. Nc3 d5 3. Bf4 Bf5 4. e3 c6 5. f3 Qb6 6. Qc1 Nbd7 7. g4 Bg6 8. h4 h6
9. Nge2 e6 10. Bg2 Bb4 11. a3 Be7 12. Kf2 c5 13. h5 Bh7 14. Na4 Qc6 15. Nxc5
Nxc5 16. dxc5 Bxc5 17. Nd4 Qb6 18. Qd2 Bxd4 19. Qxd4 Qxd4 20. exd4 Bxc2 21. Rac1
Rc8 22. Bg3 Ke7 23. Bf1 a6 24. Be5 Rc6 25. Be2 Rhc8 26. Rcg1 Ne8 27. Bf4 f6 28.
Bd2 Nd6 29. Bb4 Kd7 30. Rh2 Bh7 31. Bc3 Nf7 32. Ke3 e5 33. Rd1 e4 34. f4 Rxc3+
35. bxc3 Rxc3+ 36. Kf2 Rxa3 37. Rhh1 e3+ 38. Kg3 Be4 39. Rhe1 Nd6 40. Ra1 Rb3
41. Bd1 Rc3 42. Be2 Bc2 43. f5 Ne4+ 44. Kf4 Nd2 45. Rac1 Nb3 46. Rxc2 Rxc2 47.
Bf3 Nxd4 48. Bxd5 e2 49. Ke3 Nb5 50. Bxb7 a5 51. Ba6 Nc3 52. Bxe2 Nxe2 53. Rxe2
Rxe2+ 54. Kxe2 Kc6 55. Kd3 Kb5 56. Kc3 a4 57. Kd4 a3 58. Kc3 Kc5 59. Kb3 Kd5 60.
Kxa3 Ke4 61. Kb3 Kf4 62. Kc4 Kxg4 63. Kd5 Kxf5 0-1

[Event "Women's Speed Chess Q1"]
[Site "chess.com INT"]
[Date "2021.05.28"]
[Round "9"]
[White "Nandhidhaa, P V"]
[Black "Chitlange, Sakshi"]
[Result "1-0"]
[WhiteTitle "WGM"]
[BlackTitle "WIM"]
[WhiteElo "2365"]
[BlackElo "2167"]
[WhiteFideId "5050847"]
[BlackFideId "35002899"]
[EventDate "2021.05.28"]

1. e4 c6 2. d4 d5 3. exd5 cxd5 4. Bf4 Nc6 5. c3 Nf6 6. Nf3 g6 7. h3 Bg7 8. Be2
O-O 9. O-O Nh5 10. Bh2 Bh6 11. Re1 Nf4 12. Bf1 Bf5 13. Nbd2 Nd3 14. Bxd3 Bxd3
15. Ne5 Nxe5 16. Rxe5 e6 17. Nb3 Bc4 18. Nc5 b6 19. Nd3 Bxd3 20. Qxd3 Qf6 21.
Rae1 Rfc8 22. Bg3 Bf4 23. Bxf4 Qxf4 24. R5e3 Rc4 25. Rf3 Qd6 26. h4 Rac8 27. h5
b5 28. a3 a5 29. Rg3 Qc7 30. Qf3 Rc6 31. Rh3 Qe7 32. hxg6 hxg6 33. Qxd5 exd5 34.
Rxe7 b4 35. axb4 axb4 36. Re5 bxc3 37. bxc3 Rd6 38. Rhe3 Kg7 39. Re7 Rdc6 40.
Rf3 Rf6 41. Rxf6 Kxf6 42. Re3 Ra8 43. g3 Ra1+ 44. Kg2 Rc1 45. Kf3 Kf5 46. Re5+
Kf6 47. Rxd5 Rxc3+ 48. Kf4 g5+ 49. Rxg5 Rc2 50. Rf5+ Kg6 51. Kg4 Rd2 52. Rf4 Rd1
53. Kf3 Rd3+ 54. Ke4 Ra3 55. Ke5 Ra5+ 56. d5 Ra7 57. Kd6 Ra6+ 58. Kc5 Ra1 59. d6
Rc1+ 60. Kb6 Rd1 61. Kc7 f6 62. d7 Rc1+ 63. Kd8 Kf7 64. Rh4 Rd1 65. Rh7+ Ke6 66.
Ke8 1-0

[Event "Women's Speed Chess Q1"]
[Site "chess.com INT"]
[Date "2021.05.28"]
[Round "9"]
[White "Gaponenko, Inna"]
[Black "Mkrtchian, Lilit"]
[Result "1/2-1/2"]
[WhiteTitle "IM"]
[BlackTitle "IM"]
[WhiteElo "2357"]
[BlackElo "2388"]
[WhiteFideId "14101181"]
[BlackFideId "13300601"]
[EventDate "2021.05.28"]

1. e4 e6 2. d4 d5 3. exd5 exd5 4. Nf3 Bd6 5. c4 Nf6 6. Nc3 O-O 7. cxd5 Nbd7 8.
Bg5 h6 9. Bh4 Nb6 10. Be2 Be7 11. Bxf6 Bxf6 12. Qb3 Bg4 13. O-O Bxf3 14. Bxf3
Bxd4 15. Rad1 Be5 16. Rfe1 Bd6 17. Ne4 Re8 18. Qc2 Re5 19. Nc5 Qe7 20. Rxe5 Qxe5
21. g3 Bxc5 22. Qxc5 Rd8 23. b4 Rd7 24. d6 cxd6 25. Qxe5 dxe5 26. Rxd7 Nxd7 27.
Bxb7 Kf8 28. Kg2 Ke7 29. Kf3 Kd6 30. Ke4 Nf6+ 31. Kf5 Ng8 32. Ke4 Ne7 33. Kd3 f5
34. Kc4 g5 35. a4 Kc7 36. Bg2 Kd6 37. b5 Nc8 38. a5 e4 39. Kd4 Ne7 40. g4 fxg4
41. Bxe4 h5 42. a6 Nc8 43. Bg6 h4 44. Bf5 Nb6 45. Bxg4 Na4 46. Bf3 Nb6 47. Bc6
Na4 48. Ke4 Ke6 49. Bd5+ Kf6 50. Bc6 Nb6 51. Kf3 Nc4 52. Kg4 Ne5+ 53. Kh5 Nc4
54. Bf3 Nb6 55. Be4 Nc4 56. Bb7 Nb6 57. Bc6 Nc4 58. Kg4 Nb6 59. Kf3 Nc4 60. Ke4
Nb6 61. Kd4 Kf5 62. Kc5 Ke5 63. Bg2 Ke6 64. Kc6 Ke7 65. Kb7 Kd8 66. Kxa7 Kc7 67.
Bf3 Nc4 68. Be2 Nb6 69. Bd3 Nc8+ 70. Ka8 Nb6+ 71. Ka7 Nc8+ 72. Ka8 Nb6+ 73. Ka7 1/2-1/2

[Event "Women's Speed Chess Q1"]
[Site "chess.com INT"]
[Date "2021.05.28"]
[Round "9"]
[White "Antolak, Julia"]
[Black "Zhai, Mo"]
[Result "0-1"]
[WhiteTitle "WIM"]
[BlackTitle "WGM"]
[WhiteElo "2306"]
[BlackElo "2366"]
[WhiteFideId "1159569"]
[BlackFideId "8600201"]
[EventDate "2021.05.28"]

1. e4 e5 2. Nf3 Nc6 3. Bb5 a6 4. Ba4 Nf6 5. O-O Be7 6. Re1 b5 7. Bb3 d6 8. c3
O-O 9. h3 a5 10. d4 a4 11. Bc2 Bd7 12. Nbd2 Qb8 13. a3 Re8 14. Nf1 h6 15. Ng3
Bf8 16. Be3 Na5 17. Nh2 Nc4 18. Bc1 Qc8 19. Bd3 Na5 20. Rb1 c5 21. d5 Rb8 22.
Bd2 Nb3 23. Be3 g6 24. Rf1 Bg7 25. f4 c4 26. Bc2 exf4 27. Bxf4 Qc5+ 28. Kh1 Nh7
29. Qf3 Re7 30. Ng4 Bxg4 31. Qxg4 Rbe8 32. Ne2 Nf6 33. Qg3 Nh5 34. Qf3 Nxf4 35.
Nxf4 Qc8 36. Rbd1 Nc5 37. Rde1 Be5 38. Ne2 Bg7 39. Ng3 Qd7 40. Rf2 Be5 41. Ref1
Bg7 42. Qf4 h5 43. Qg5 Re5 44. Qh4 Qe7 45. Qf4 Rf8 46. Bd1 h4 47. Ne2 Nd3 48.
Qg4 Nxf2+ 49. Rxf2 Rxe4 50. Qf3 Re3 51. Qf4 Rd3 52. Bc2 Re3 53. Ng1 Re1 54. Rf1
Qe3 55. Qxe3 Rxe3 56. Nf3 Bf6 57. Rd1 Kg7 58. Kg1 Re2 59. Rc1 Rfe8 60. Kf1 R2e3
61. Kf2 Re2+ 62. Kf1 g5 63. Nh2 Rd2 64. Ng4 Ree2 0-1

[Event "Women's Speed Chess Q1"]
[Site "chess.com INT"]
[Date "2021.05.28"]
[Round "9"]
[White "Dubnikova, Anastasia"]
[Black "Papp, Petra"]
[Result "0-1"]
[WhiteTitle "WFM"]
[BlackTitle "WGM"]
[WhiteElo "2197"]
[BlackElo "2336"]
[WhiteFideId "44153759"]
[BlackFideId "739049"]
[EventDate "2021.05.28"]

1. d4 Nf6 2. Nf3 g6 3. c4 Bg7 4. b4 O-O 5. Bb2 d5 6. e3 a5 7. a3 axb4 8. axb4
Rxa1 9. Bxa1 Ne4 10. Nc3 Nxc3 11. Bxc3 c6 12. Be2 Bg4 13. c5 Nd7 14. O-O Qc7 15.
b5 Ra8 16. b6 Qd8 17. Qb3 e5 18. h3 Be6 19. Ra1 Rxa1+ 20. Bxa1 e4 21. Nd2 Nxc5
22. Qb4 Nd7 23. Qd6 Qxb6 24. Bc3 c5 25. Qxb6 Nxb6 26. Ba5 Nd7 27. dxc5 Nxc5 28.
Bb4 Bf8 29. f3 Nb3 30. Bxf8 Nxd2 31. Bb4 Nb3 32. Bd1 Nc1 33. Bd2 Nd3 34. Be2 Ne5
35. fxe4 dxe4 36. Bc3 Nc6 37. Kf2 Kf8 38. Kg3 Ne7 39. Bb4 Ke8 40. Bb5+ Bd7 41.
Bc4 g5 42. Kf2 Nc6 43. Bd6 Be6 44. Bb5 Kd7 45. Bc5 Kc7 46. Kg3 Ne5 47. h4 h6 48.
hxg5 hxg5 49. Be7 Bd7 50. Be2 g4 51. Bb4 f5 52. Kf4 Nc6 53. Bc3 Kd6 54. Bb5 Kc5
55. Be2 b5 56. Bb2 b4 57. Kg5 b3 58. Kf6 Na5 59. Bd4+ Kb4 60. Ke7 Bc8 61. Kd8
Bb7 62. Kd7 Bd5 63. Kd6 Bc4 64. Ke5 Bxe2 65. Kxf5 Nc4 66. Kxe4 b2 67. Bxb2 Nxb2
68. Kf5 Kc5 69. e4 Kd6 70. e5+ Ke7 71. Kf4 Nc4 72. Kg3 Nxe5 73. Kf4 Ke6 74. Kg3
Kf5 75. Kh2 Kf4 76. Kg1 Bb5 77. Kf2 Bc6 78. Kg1 Ng6 79. Kf2 Kf5 80. Kg3 Nf4 81.
Kh2 Nxg2 82. Kg3 Nf4 83. Kh2 Ng6 84. Kg3 Kg5 85. Kf2 Kh4 86. Kg1 Kg3 87. Kf1 Kh2
88. Ke2 g3 89. Ke3 g2 0-1

[Event "Women's Speed Chess Q1"]
[Site "chess.com INT"]
[Date "2021.05.28"]
[Round "9"]
[White "Grigoryan, Meri"]
[Black "Priyanka, K"]
[Result "0-1"]
[WhiteTitle "WFM"]
[BlackTitle "WIM"]
[WhiteElo "2044"]
[BlackElo "2218"]
[WhiteFideId "13300571"]
[BlackFideId "5082986"]
[EventDate "2021.05.28"]

1. d4 Nf6 2. c4 g6 3. Nc3 Bg7 4. Nf3 d6 5. h3 O-O 6. e4 e5 7. d5 Na6 8. Be3 Nc5
9. Nd2 a5 10. g4 Ne8 11. Nb3 b6 12. Nxc5 bxc5 13. h4 f5 14. gxf5 gxf5 15. Bg5
Qd7 16. Rg1 Kh8 17. Bh3 Qf7 18. Qe2 f4 19. Bxc8 Rxc8 20. Qg4 Nf6 21. Qf5 Nh5 22.
Qg4 f3 23. O-O-O Qe8 24. Rd3 Qf7 25. Nb1 Nf4 26. Bxf4 Qxf4+ 27. Qxf4 Rxf4 28.
Nd2 Rcf8 29. Rg3 Bh6 30. Kc2 Rxh4 31. Rdxf3 Rxf3 32. Rxf3 Bxd2 33. Kxd2 Rxe4 34.
Kd3 Rd4+ 35. Kc3 Kg7 36. Rg3+ Kf7 37. Rh3 Kg6 38. Rg3+ Kf6 39. Rh3 Kg6 40. Rg3+
Kf6 41. Rh3 Kg7 42. Rg3+ Kh8 43. Rf3 Rg4 44. Rf7 Rg7 45. Rf8+ Rg8 46. Rf7 Rc8
47. Kd3 Kg8 48. Rd7 h5 49. Ke4 h4 50. Kf3 Rf8+ 51. Kg4 Rxf2 52. Kxh4 Rf4+ 53.
Kg5 Rxc4 54. Rxc7 Rd4 55. Kg6 Rf4 56. Rd7 Rg4+ 57. Kf5 Rf4+ 58. Ke6 e4 59. Rxd6
e3 60. Ke5 e2 61. Rd8+ Kf7 62. Rd7+ Ke8 63. Kxf4 Kxd7 64. b4 axb4 65. a4 bxa3
66. d6 e1=Q 67. Kf5 Qe6+ 68. Kf4 Qxd6+ 69. Kf3 a2 70. Ke4 a1=Q 71. Ke3 Qad4+ 72.
Kf3 Qd3+ 73. Kg4 Q6g6+ 74. Kf4 Qde4# 0-1

[Event "Women's Speed Chess Q1"]
[Site "chess.com INT"]
[Date "2021.05.28"]
[Round "9"]
[White "Samaganova, Alexandra"]
[Black "Kiolbasa, Oliwia"]
[Result "0-1"]
[WhiteTitle "WFM"]
[BlackTitle "WIM"]
[WhiteElo "1993"]
[BlackElo "2255"]
[WhiteFideId "13800221"]
[BlackFideId "1154613"]
[EventDate "2021.05.28"]

1. c4 e6 2. Nc3 d5 3. e3 Nf6 4. Nf3 c5 5. d4 b6 6. cxd5 exd5 7. Bb5+ Bd7 8.
Bxd7+ Nbxd7 9. dxc5 Nxc5 10. O-O Bd6 11. g3 Be7 12. b3 O-O 13. Bb2 Qd7 14. Ne2
Nce4 15. Ne5 Qf5 16. f3 Nc5 17. Bd4 Bd6 18. Nc6 Rfc8 19. Bxf6 Qxf6 20. Qxd5 Bxg3
21. hxg3 Qxc6 22. Qxc6 Rxc6 23. Rad1 Kf8 24. Rd5 Ne6 25. Rd2 Rac8 26. Rfd1 Rc2
27. g4 g6 28. Kg2 h5 29. Kg3 hxg4 30. Kxg4 R2c5 31. f4 Rc2 32. Kf3 Ng7 33. e4
Ne6 34. Nd4 Nxd4+ 35. Rxd4 R8c3+ 36. Kg4 Rxa2 37. Kg5 Kg7 38. f5 Rg2+ 39. Kf4
Rf2+ 40. Ke5 gxf5 41. exf5 Re3+ 42. Kd6 Rxf5 43. Rg4+ Kf6 44. Rh1 Rd3+ 45. Kc7
Rc5+ 46. Kb7 Rd7+ 47. Ka6 Rd3 48. Kb7 Rxb3 49. Rf1+ Ke7 50. Re4+ Kf8 51. Ref4 f5
52. Rxf5+ Rxf5 53. Rxf5+ Ke7 54. Kxa7 Kd6 55. Rf6+ Kc5 56. Rf5+ Kc4 57. Rf4+ Kd5
58. Rf5+ Ke4 59. Rf8 b5 60. Rd8 b4 61. Kb6 Rd3 62. Re8+ Kd4 63. Rd8+ Kc3 64.
Rc8+ Kb2 65. Kb5 b3 66. Rh8 Kc1 67. Rh1+ Rd1 68. Rh2 b2 69. Rh4 b1=Q+ 70. Ka4
Rd3 71. Rc4+ Kd2 72. Rb4 Qa2+ 73. Kb5 Rd5+ 74. Kc6 Qa5 75. Rb6 Qc5+ 76. Kb7 Rd7+
77. Ka6 Qc4+ 78. Rb5 Rd6+ 79. Ka5 Rd5 80. Rxd5+ Qxd5+ 81. Kb6 Kc3 82. Kc7 Kc4
83. Kb8 Qd6+ 84. Kc8 Kc5 85. Kb7 Qd7+ 86. Ka8 Kb6 87. Kb8 Qd8# 0-1